000 00503nam a2200169 i 4500
001 37914
003 ES-MaACL
005 20230906155650.0
007 t|
008 030224s1969 sp ||||1| spa d
100 1 _aCaidin, Martín.
_933456
245 1 3 _aEl desafío del espacio /
_cMartín Caidin ; [traductor: F. Cazorla Olmo].
260 _aBarcelona :
_bRumeu,
_c[1969]
300 _a403 p., 2 lám. :
_bil. ;
_c28 cm.
700 1 _aCazorla Olmo, F.
_937251
852 _aES-MaACL
_jC-37246
_bR.73560
999 _c37914
_d37914